000 01046nac a22003377a 4500
001 BR0302967
003 BR-BrBNA
005 20240105122826.0
008 230509b bl.|||m| |||| 00| 0 por d
040 _aBR-BrBNA
_bpor
_cBiblioteca Nacional de Agricultura
072 _aK10
090 _a2480 BR0302967
100 1 _aPereira, A.V.
100 1 _aPereira, E.B.C.
100 1 _aBenesi, J.F.C.
110 1 _aEMBRAPA Cerrados, Planaltina, DF (Brasil)
245 1 _aDesempenho de clones de seringueira sob diferentes sistemas de sangria
260 3 _aPlanaltina, DF (Brasil):
_c2001.
300 _a19 p.
490 _aBoletim de Pesquisa e Desenvolvimento - EMBRAPA Cerrados (Brazil)
_vno. 16
_xISSN 1676-918X
500 _aSummaries (En, Pt); 10 ref. 8 tables
650 _aSERINGUEIRA
650 _aPRODUÇÃO VEGETAL
650 _aCLONE
650 _aBORRACHA
650 _aCRESCIMENTO
650 _aSANGRIA
650 _aMÉTODO ESTATÍSTICO
909 _a202312
_bLúcia Elande
_c55
_dLúcia Elande
942 _2AGRIS
_n0
_cMS
999 _c292967
_d292967